000 01104nam a22003137a 4500
001 7900
003 FISKH
005 20250813104151.0
008 250813b cb ||||| |||| 00| 0 eng d
020 _a9780545057400
035 _a14312149
040 _aDLC
_cDLC
_dIG#
_dBAKER
_dBTCTA
_dJP3
_dYDXCP
_dTEF
_dDLC
_beng
050 _aPZ7.L57833 H
082 _a973.7
100 1 _aLevine, Ellen
_d(1939–2012)
245 1 0 _aHenry's freedom box /
_cBy Ellen Levine ; illustrated by Kadir Nelson
250 _aThis edition first published in 2007
260 _aNew York :
_bScholastic Press,
_c2007.
300 _a38 unnumbered pages :
_bcolor illustratons ;
_c25 cm
505 _aJ
520 _aA fictionalized account of how in 1849 a Virginia slave, Henry "Box" Brown, escapes to freedom by shipping himself in a wooden crate from Richmond to Philadelphia.
521 8 _a490
_bLexile
521 8 _aJ
_bRaz-Plus
586 _aYSR
650 0 _aSlavery
_vJuvenile fiction.
650 0 _aAfrican Americans
_vJuvenile fiction.
700 1 _aNelson, Kadir
_eillustrator
942 _2ddc
_cBK
_n0
999 _c7900
_d7900